00341nam a2200097Ia 4500008004100000245005100041245004700092260000900139650004700148856004800195171204s9999 xx 000 0 und d aWhen Organization Fails: Why Authority Matters cElizabeth J. Van Every and James R. Taylor c2014 xHUMAN BEHAVIOR IN ORGANIZATION WITH ETHICS uhttp://down.ebook777.com/056/041574167X.pdf